000 00646nam a2200241Ia 4500
003 OSt
005 20220926002914.0
006 a|||||r|||| 00| 0
007 ta
008 220923b |||||||| |||| 00| 0 eng d
020 _a9789352873913
037 _cGeneral Book
040 _aRTL
_cRTL
_beng
041 _2eng
_aeng
082 _aY:393, Q8
100 _aHALL Stuart
_9106481
245 0 _aPopular arts
260 _a New Delhi
_bOrient Blackswan
_c2018
300 _axxvi,398p
_ccm.
700 _a WHANNEL Paddy
_9306660
942 _hY:393, Q8
_cGB
_2CC
999 _c606397
_d606397